Money management na devízovom trhu bakalárska práca

Salvato in:
Dettagli Bibliografici
Autore principale: Drugda, Adam
Ente Autore: Národohospodárska fakulta EU. Katedra bankovníctva a medzinárodných financií
Altri autori: Širaňová, Mária
Natura: Libro
Lingua:slovacco
Pubblicazione: Bratislava 2017
Tags: Aggiungi Tag
Nessun Tag, puoi essere il primo ad aggiungerne!!

MARC

LEADER 00000nbm a2200000 4500
001 0233745
005 20240913083726.3
041 0 |a slo 
044 |a SK 
245 1 0 |a Money management na devízovom trhu  |b bakalárska práca  |c Adam Drugda ; školiteľ: Mária Širaňová 
264 1 |a Bratislava  |c 2017 
300 |a 44 s. 
100 1 |a Drugda, Adam 
700 1 |a Širaňová, Mária 
710 2 |a Národohospodárska fakulta EU. Katedra bankovníctva a medzinárodných financií